Bhāsanāṭakacakre Pratijñāyaugandharāyaṇam. (Record no. 80890)
[ view plain ]
| 000 -LEADER | |
|---|---|
| fixed length control field | 00792cam a22002771 4500 |
| 001 - CONTROL NUMBER | |
| control field | sa 68005701 |
| 003 - CONTROL NUMBER IDENTIFIER | |
| control field | DLC |
| 005 - DATE AND TIME OF LATEST TRANSACTION | |
| control field | 20260227112511.0 |
| 008 - FIXED-LENGTH DATA ELEMENTS--GENERAL INFORMATION | |
| fixed length control field | 900207s1965 ii b 000 0 sano |
| 010 ## - LIBRARY OF CONGRESS CONTROL NUMBER | |
| LC control number | sa 68005701 |
| 035 ## - SYSTEM CONTROL NUMBER | |
| System control number | (OCoLC)21014346 |
| 040 ## - CATALOGING SOURCE | |
| Original cataloging agency | DLC |
| Transcribing agency | WaU |
| Modifying agency | DLC |
| 041 0# - LANGUAGE CODE | |
| Language code of text/sound track or separate title | sanhin |
| 042 ## - AUTHENTICATION CODE | |
| Authentication code | premarc |
| 050 00 - LIBRARY OF CONGRESS CALL NUMBER | |
| Classification number | PK3791.B4 |
| Item number | P72 1965 |
| 100 0# - MAIN ENTRY--PERSONAL NAME | |
| Personal name | Bhāsa. |
| 245 00 - TITLE STATEMENT | |
| Title | Bhāsanāṭakacakre Pratijñāyaugandharāyaṇam. |
| 260 ## - PUBLICATION, DISTRIBUTION, ETC. | |
| Date of publication, distribution, etc. | 1965. |
| 300 ## - PHYSICAL DESCRIPTION | |
| Extent | 16, 132 p. |
| Dimensions | 19 cm. |
| 440 #0 - SERIES STATEMENT/ADDED ENTRY--TITLE | |
| Title | Vidyabhawan Sanskrit granthamala, |
| Volume/sequential designation | 39 |
| 500 ## - GENERAL NOTE | |
| General note | Added t. p. in English. |
| 500 ## - GENERAL NOTE | |
| General note | Hindi and Sanskrit; introductory matter in Hindi. |
| 500 ## - GENERAL NOTE | |
| General note | Bibliographical footnotes. |
| 700 1# - ADDED ENTRY--PERSONAL NAME | |
| Personal name | Giri, Kapiladeva, |
| Dates associated with a name | 1931- |
| 740 0# - ADDED ENTRY--UNCONTROLLED RELATED/ANALYTICAL TITLE | |
| Uncontrolled related/analytical title | Pratijñāyaugandharāyaṇam. |
No items available.